000 01120nam a22002657a 4500
003 URS
005 20251120075043.0
008 250904b |||||||| |||| 00| 0 eng d
050 0 0 _aLG 221. R59
_b.T1871 2012
100 1 _aTatad, Arnelyn B.
_eResearcher
245 1 0 _aA comparison between understanding by design and traditional method of teaching as perceived by the first year faculty member in selected public school of Montalban/
_cArnelyn B. Tatad, Rose Anne Z. Agoncillo [and] Marife C. Espinosa
260 1 _c2012
300 _aix, 72 leaves;
_bIllustration
_c28cm
336 _2text
_ardacontent
337 _2rdamedia
_aunmediated
338 _2rdacarrier
_avolume
502 _aUndergraduate Thesis
_bBachelor of Secondary Education Major in English
_cUniversity of Rizal System, Rodriguez, Rizal
_d2012
650 _2Comparison between UBD and traditional method
690 _aUN SDG 4
700 _aTatad, Arnelyn B.
_eResearcher
700 _aAgoncillo, Rose Anne Z.
_eResearcher
700 _aEspinosa, Marife C.
_eResearcher
700 _aAltamariano, Alexander C.
_eAdviser
942 _2lcc
_cT
999 _c85773
_d85771